Autoelektrika a autoelektronika /

Uložené v:
Podrobná bibliografia
Hlavní autori: Šťastný, Jiří (Author), Remek, Branko (Author)
Médium: Kniha
Jazyk:Czech
Vydané: Praha : T. Malina, 2003
Vydanie:6. vyd.
Témy:
ISBN: 8086293025 (viaz.)
Fyzický popis: 315 s. : obr., tab. ; 21 cm
Tagy: Pridať tag
Žiadne tagy, Buďte prvý kto otaguje tento záznam!

MARC

LEADER 00000nam a2200000 a 4500
001 000000858
005 20040708143038.0
008 040326s2003 xr a e b 000 0 czeo
020 |a 8086293025 (viaz.) 
040 |a SVKKK  |b slo  |c SVKKK  |e AACR2 
041 0 |a cze 
044 |a xr  |c CZ 
072 7 |a 629  |x Dopravné prostriedky  |2 konspekt 
080 |a 629.331  |2 1997 
080 |a 629.064.5  |2 1997 
080 |a (035)  |2 1997 
100 1 |a Šťastný, Jiří  |4 aut 
245 1 0 |a Autoelektrika a autoelektronika /  |c Jiří Šťastný, Branko Remek 
250 |a 6. vyd. 
260 |a Praha :  |b T. Malina,  |c 2003 
300 |a 315 s. :  |b obr., tab. ;  |c 21 cm 
504 |a Obsahuje prehľad označených jednotiek, České normy, Europské normy 
504 |a Bibliografia s. 311 
650 0 7 |a automobily  |2 SVKKKPH 
650 0 7 |a elektrické zariadenia  |2 SVKKKPH 
650 0 7 |a elektronické zariadenia  |2 SVKKKPH 
655 7 |a príručky  |2 SVKKKPH 
700 1 |a Remek, Branko  |4 aut 
919 |a 80-86293-02-5 
998 |a BK 
090 |g SCKHL  |k Sklad Pribinova 2. posch.  |a III.196422  |j 960314  |i 2720022344  |s Absenčne 
090 |g SCKHL  |k Sklad Pribinova 2. posch.  |a III.196423  |j 960315  |i 2720022343  |s Absenčne